| 000 | 00993cam a2200229 4500 | ||
|---|---|---|---|
| 001 | WB3822-16 | ||
| 008 | 020619n2002 000 0 eng u | ||
| 035 | _a(Sirsi) u118457 | ||
| 245 | _aConsultation paper on Renting Homes | ||
| 260 | _c2002 | ||
| 490 |
_aRICS News Service _v19 June 2002, (1) |
||
| 520 | _aConsultation report on renting homes issued amid pressure by Lord Woolf over the complexity of housing law. Report looks at a range of issues including, evolution of housing law, type of agreements and the powers of the courts. For the RICS News Release: http://www.rics.org/ricscms/bin/show?class=News&template=/includes/shownews.html&id=2257 For a summary of the report: http://www.lawcom.gov.uk/library/lccp162/summary.pdf | ||
| 590 | _aWB | ||
| 650 | _aLAW COMMISSION | ||
| 650 | _aRENTING | ||
| 650 | _aHOUSING LAW | ||
| 650 | _aLORD WOOLF | ||
| 650 | _aHOUSING STATUS | ||
| 650 | _aSECURITY OF TENURE | ||
| 690 | _aLANDLORD AND TENANT-RENT REVIEWS | ||
| 942 | _n0 | ||
| 999 |
_c70512 _d70512 |
||